The Botanical Beauty Hunter : natural recipes and rituals for skincare, haircare and cosmetics

Bibliographic Details
Main Author: Dixon,Maddy (Author)
Other Authors: Habib,Armelle (Photographer), Hiew,Allison (Editor)
Format: Book
Published: London : Hardie Grant Books 2020
Subjects:

MARC

LEADER 00000cam a2200000 7i4500
001 0000093521
005 20240103095917.0
008
020 |a 9781743796429 (  |q hardback) 
040 |e rda 
041 |a English 
090 0 0 |a 646.72   |b DIX 
100 1 |a Dixon,Maddy ,   |e (author) 
245 1 4 |a The Botanical Beauty Hunter :   |b natural recipes and rituals for skincare, haircare and cosmetics   |c Maddy Dixon 
264 1 |a London :   |b Hardie Grant Books   |c 2020 
300 |a 175 pages :   |b colour illustration ;   |c 24 cm. 
336 |a text  |2 rdacontent 
337 |a unmediated  |2 rdamedia 
338 |a volume  |2 rdacarrier 
500 |a Includes index 
541 |c Purchased on 2023   |f E230205 CRP   |h RM54.60 
650 0 |a Beauty, Personal 
650 0 |a Cosmetics 
700 1 |a Habib,Armelle ,   |e (photographer) 
700 1 |a Hiew,Allison ,   |e (editor) 
730 0 |a Title 
999 |a 0001750962   |b Book   |c Adult Collection   |e Perbadanan Perpustakaan Awam Johor 
999 |a 0001750963   |b Book   |c Adult Collection   |e Cawangan Urban Transformation Centre 
999 |a 0001750964   |b Book   |c Adult Collection   |e Cawangan AEON Kulaijaya 
999 |a 0001750965   |b Book   |c Adult Collection   |e Cawangan Tangkak 
999 |a 0001750966   |b Book   |c Adult Collection   |e Cawangan Pontian 
999 |a 0001750967   |b Book   |c Adult Collection   |e Cawangan Tmn. Ungku Tun Aminah 
999 |a 0001750968   |b Book   |c Adult Collection   |e Cawangan Kota Tinggi 
999 |a 0001750969   |b Book   |c Adult Collection   |e Cawangan Taman Sri Lambak 
999 |a 0001750970   |b Book   |c Adult Collection   |e Cawangan Segamat 
999 |a 0001750971   |b Book   |c Adult Collection   |e Perbadanan Perpustakaan Awam Johor 
999 |a 0001750972   |b Book   |c Adult Collection   |e Perbadanan Perpustakaan Awam Johor 
999 |a 0001750973   |b Book   |c Adult Collection   |e Cawangan Batu Pahat 
999 |a 0001750974   |b Book   |c Adult Collection   |e Cawangan Mersing 
999 |a 0001750975   |b Book   |c Adult Collection   |e Cawangan Muar 
999 |a 0001750976   |b Book   |c Adult Collection   |e Cawangan Bandar Penawar 
999 |a 0001750977   |b Book   |c Adult Collection   |e Cawangan Bandar Tenggara